000 00329nam a2200133Ia 4500
008 240624s9999 xx 000 0 und d
041 _aeng
082 _a338.9 COO
100 _aCOOKE PHILIP
245 _aCOMPLEX ADAPTIVE INNOVATION SYSTEMS RELA
260 _c2012
_aLondon
_bRoutledge
300 _a272 : p.
365 _cGBP
_b28
999 _c21747
_d21747